000 00540nam a22001577a 4500
999 _c534571
_d534571
020 _qHard Cover.
082 _a620.11
100 _aMuhammad Aamer
245 _aSynthesis of Aluminum, Teflon & Viton (ATV) Pyrotechnic Composition and its Applications /
_cMuhammad Aamer.
260 _aIslamabad:
_bSCME - NUST,
_c2013.
300 _a54 p. :
_bill. ;
_c30cm.
942 _2ddc
_cTHE
650 _aEnergatic Material Engineering MS-Thesis.
_928345
700 _aDr. Iram Mahmood
_928346